000 00822nam a2200229Ii 4500
003 JO-AjNU
008 230605s9999||||xx |||||||||||||| ||und||
017 _a22/4581
020 _a9960-9283-6-5
040 _aJO-AjNU
_bara
_erda
_cJO-AjNU
041 _aara
050 1 4 _aRA645.C47A2882 2001
100 3 _aابوعليم ، ابراهيم حسين / م مشارك اياس عطية العبادي,
_eauthor
_916099
245 0 0 _aالشلل الدماغي=CERBRAL PALSY
264 3 1 _aالسعودية:الجمعية الخيرية للمعاقين ، 2001
300 _a284ص
336 _atext
_btxt
_2rdacontent
337 _aunmediated
_bn
_2rdamedia
338 _avolume
_bnc
_2rdacarrier
490 0 _aسلسلة المعرفة من اجل الوقاية
650 4 _aالشلل الدماغي-امراض
_916100
999 _aA4696
_c8264
_d8264